Retos de los derechos humanos en el siglo XXI: los pueblos indígenas /
En el presente artículo se analiza algunos puntos sobre la Declaración Universal de los Derechos humanos, posteriormente se examinan los derechos de los Pueblos Indígenas, haciendo énfasis en los pueblos de México. Además de vislumbrar la nueva relación del Estado Mexicano con las étnias, y mostrar...
Gorde:
| Egile nagusia: | |
|---|---|
| Formatua: | Texto |
| Gaiak: | |
| Etiketak: |
Etiketa erantsi
Etiketarik gabe, Izan zaitez lehena erregistro honi etiketa jartzen!
|
MARC
| LEADER | 00000 a a2200000 04500 | ||
|---|---|---|---|
| 001 | 42458 | ||
| 003 | |||
| 040 | |||
| 100 | |a García Medina, Carlos | ||
| 245 | |a Retos de los derechos humanos en el siglo XXI: |b los pueblos indígenas / |c Carlos García Medina | ||
| 500 | |a garcíayyo@yahoo.com.mx | ||
| 520 | |a En el presente artículo se analiza algunos puntos sobre la Declaración Universal de los Derechos humanos, posteriormente se examinan los derechos de los Pueblos Indígenas, haciendo énfasis en los pueblos de México. Además de vislumbrar la nueva relación del Estado Mexicano con las étnias, y mostrar notas periodísticas que evidencian la situación actual. | ||
| 590 | |a SJB/ABRIL2012 | ||
| 650 | |a 1.POBLACION INDIGENA | ||
| 650 | |a 2.DERECHOS DE LOS INDIGENAS | ||
| 650 | |a 3.DERECHOS HUMANOS | ||
| 650 | |a 4.INCLUSION SOCIAL | ||
| 650 | |a 5.ETNICIDAD | ||
| 650 | |a 6.MEXICO | ||
| 773 | |g volumen35, número1 ( , 2010), páginas 21-46 : mapas | ||
| 999 | |c 29055 |d 29055 | ||
